Himmlische Geheimnisse: die Schöpfungsgeschichte : Genesis 1,1-2,3

Saved in:  
Bibliographic Details
Subtitles:Die Schöpfungsgeschichte
Main Author: Swedenborg, Emanuel 1688-1772 (Author)
Corporate Author: Swedenborg Verlag. Verlag
Contributors: Noack, Thomas 1959- (Translator, Writer of added commentary, Editor)
Format: Print Book
Language:German
Subito Delivery Service: Order now.
Check availability: HBZ Gateway
WorldCat: WorldCat
Interlibrary Loan:Interlibrary Loan for the Fachinformationsdienste (Specialized Information Services in Germany)
Published: Zürich Swedenborg Nunc Licet [2024]
In: Studien zur Heiligen Schrift (Band 1)
Year: 2024
Series/Journal:Studien zur Heiligen Schrift Band 1
Standardized Subjects / Keyword chains:B Bible. Genesis 1,1-2,3 / Exegesis / Theosophy
B Bible. Genesis 1,1-2,3 / Creation theology / Swedenborgians
IxTheo Classification:HA Bible
HB Old Testament
Further subjects:B Bible. Genesis 1,1-2,3
B Exegesis
Online Access: Table of Contents
Blurb
Literaturverzeichnis

MARC

LEADER 00000cam a2200000 c 4500
001 190849056X
003 DE-627
005 20251227182446.0
007 tu
008 241113s2024 sz ||||| 00| ||ger c
015 |a 24,N46  |2 dnb 
016 7 |a 1347412034  |2 DE-101 
020 |a 9783859273603  |c kart. : EUR 19.00 (DE), EUR 19.60 (AT)  |9 978-3-85927-360-3 
024 3 |a 9783859273603 
035 |a (DE-627)190849056X 
035 |a (DE-599)DNB1347412034 
035 |a (OCoLC)1468583477 
040 |a DE-627  |b ger  |c DE-627  |e rda 
041 |a ger  |h lat 
044 |c XA-CH 
082 0 |a 222.1106  |q DE-101  |2 23/ger 
082 0 4 |a 220  |a 230  |a 290  |q DE-101 
084 |a 1  |2 ssgn 
084 |a BP 7614  |q DE-24/25sred  |2 rvk  |0 (DE-625)rvk/15133:351 
084 |a BM 7390  |2 rvk  |0 (DE-625)rvk/12880:11596 
084 |a 11.31  |2 bkl 
084 |a 11.34  |2 bkl 
084 |a 11.69  |2 bkl 
084 |a 18.47  |2 bkl 
100 1 |e VerfasserIn  |0 (DE-588)118620169  |0 (DE-627)133793494  |0 (DE-576)163253285  |4 aut  |a Swedenborg, Emanuel  |d 1688-1772 
109 |a Swedenborgius, Emanuel 1688-1772  |a Swedenborg, Imm. 1688-1772  |a Swedenborg, Immanuel 1688-1772  |a Swedenborgius, Emanulis 1688-1772  |a Svedenborg, Emanuil 1688-1772  |a Swedberg, Eman. 1688-1772  |a Swedemborg, Emanuel de 1688-1772  |a Svecus, E. S. 1688-1772  |a Schwedenborg, Emanuel 1688-1772  |a Swedenborgius, Eman. 1688-1772  |a Schwedenburg, Emanuel von 1688-1772  |a Swedemborg, Emmanuel de 1688-1772  |a Swedenborg, Emanuel von 1688-1772  |a Swedenborg, Emanuelis 1688-1772  |a Svedenborg, E. 1688-1772  |a Swedemborg, Emanuel 1688-1772  |a Swedenborg, Emanuel 1688-1772  |a Swedberg, Emmanuel 1688-1772  |a Swedenborg, Emmanuel von 1688-1772  |a Swedenborg, Emmanuel 1688-1772  |a Swedenborgius, Emanuel de 1688-1772  |a Swedenborg, Immanuel von 1688-1772  |a Svedenborg, Emanuel 1688-1772  |a Swedberg, Emanuel 1688-1772  |a Svedenborgius, Emanuel 1688-1772  |a Swedberg, Immanuel 1688-1772  |a Svedberg, Emanuel 1688-1772  |a Swedenborg, Emanuele 1688-1772  |a Swedenborg 1688-1772  |a Swedenburg, Emanuel 1688-1772  |a Swedenborg, Emmanuel de 1688-1772  |a Swedenborgii, Emanuelis 1688-1772  |a Swédemborg, Emmanuel de 1688-1772 
245 1 0 |a Himmlische Geheimnisse  |b die Schöpfungsgeschichte : Genesis 1,1-2,3  |c Emanuel Swedenborg ; übersetzt, kommentiert und herausgegeben von Thomas Noack 
246 3 3 |a Die Schöpfungsgeschichte 
264 1 |a Zürich  |b Swedenborg Nunc Licet  |c [2024] 
264 4 |c © 2024 
300 |a 308 Seiten  |b Illustrationen  |c 24 cm x 17 cm 
336 |a Text  |b txt  |2 rdacontent 
337 |a ohne Hilfsmittel zu benutzen  |b n  |2 rdamedia 
338 |a Band  |b nc  |2 rdacarrier 
490 1 |a Studien zur Heiligen Schrift  |v Band 1 
500 |a Literaturverzeichnis: S. 289-301 
583 1 |a Archivierung/Langzeitarchivierung gewährleistet  |f FID  |x XA-DE-BW  |2 pdager  |5 DE-21 
601 |a Geheimnis 
630 0 7 |0 (DE-588)7659588-2  |0 (DE-627)702896519  |0 (DE-576)307008975  |a Bibel  |p Genesis  |n 1,1-2,3  |2 gnd 
650 0 7 |0 (DE-588)4015950-4  |0 (DE-627)104675314  |0 (DE-576)20891434X  |a Exegese  |2 gnd 
652 |a HA:HB  |b DDCoderRVK 
689 0 0 |d u  |0 (DE-588)7659588-2  |0 (DE-627)702896519  |0 (DE-576)307008975  |a Bibel  |2 gnd  |p Genesis  |n 1,1-2,3 
689 0 1 |d s  |0 (DE-588)4015950-4  |0 (DE-627)104675314  |0 (DE-576)20891434X  |2 gnd  |a Exegese 
689 0 2 |d s  |0 (DE-588)4059789-1  |0 (DE-627)106142267  |0 (DE-576)209132264  |2 gnd  |a Theosophie 
689 0 |5 DE-101 
689 1 0 |d u  |0 (DE-588)7659588-2  |0 (DE-627)702896519  |0 (DE-576)307008975  |a Bibel  |2 gnd  |p Genesis  |n 1,1-2,3 
689 1 1 |d s  |0 (DE-588)4077150-7  |0 (DE-627)106080989  |0 (DE-576)209204176  |2 gnd  |a Schöpfungslehre 
689 1 2 |d s  |0 (DE-588)4184178-5  |0 (DE-627)105297070  |0 (DE-576)21002383X  |2 gnd  |a Swedenborgianer 
689 1 |5 (DE-627) 
700 1 |e ÜbersetzerIn  |e KommentarverfasserIn  |e HerausgeberIn  |0 (DE-588)1016932014  |0 (DE-627)672395746  |0 (DE-576)352863080  |4 trl  |4 wac  |4 edt  |a Noack, Thomas  |d 1959- 
710 2 |e Verlag  |0 (DE-588)1065865627  |0 (DE-627)81742220X  |0 (DE-576)425567699  |4 pbl  |a Swedenborg Verlag 
830 0 |a Studien zur Heiligen Schrift  |v Band 1  |9 1  |w (DE-627)1916263798  |w (DE-600)3206558-9  |7 am 
856 4 2 |u https://swbplus.bsz-bw.de/bsz190849056Xinh.htm  |m V:DE-576  |m B:DE-21  |v 20250220141731  |3 Inhaltsverzeichnis  |7 1 
856 4 2 |u https://swbplus.bsz-bw.de/bsz190849056Xkla.htm  |m V:DE-576  |m B:DE-21  |v 20250220141731  |3 Klappentext  |7 1 
856 4 2 |u https://swbplus.bsz-bw.de/bsz190849056Xref.htm  |m V:DE-576  |m B:DE-21  |v 20250220141732  |3 Literaturverzeichnis  |7 1 
936 r v |a BP 7614  |b Einzeluntersuchungen  |k Theologie und Religionswissenschaften  |k Evangelische Kirchengeschichte  |k Freikirchen und Sondergruppen  |k Spiritualistische Gruppen  |k Swedenborgianer  |k Einzeluntersuchungen  |0 (DE-627)127344678X  |0 (DE-625)rvk/15133:351  |0 (DE-576)20344678X 
936 r v |a BM 7390  |b Werke  |k Theologie und Religionswissenschaften  |k Theologie des geistlichen Lebens  |k Quellen zur Theologie des geistlichen Lebens  |k Evangelische geistliche Schriftsteller  |k Einzelne Autoren  |k Swedenborg, Emanuel (+1722)  |k Werke  |0 (DE-627)1270733591  |0 (DE-625)rvk/12880:11596  |0 (DE-576)200733591 
936 b k |a 11.31  |j Bibeltext  |j Bibelübersetzungen  |0 (DE-627)10641528X 
936 b k |a 11.34  |j Exegese  |j Hermeneutik  |x Bibel  |q DA-3  |0 (DE-627)106404415 
936 b k |a 11.69  |j Systematische Theologie: Sonstiges  |0 (DE-627)106419706 
936 b k |a 18.47  |j Neulateinische Literatur  |0 (DE-627)10641559X 
951 |a BO 
BIB |a 1 
BIR |a 28001001_28002003  |b biblesearch 
ELC |b 1 
ITA |a 1  |t 1 
LOK |0 000 xxxxxcx a22 zn 4500 
LOK |0 001 4660951464 
LOK |0 003 DE-627 
LOK |0 004 190849056X 
LOK |0 005 20250205091455 
LOK |0 008 250205||||||||||||||||ger||||||| 
LOK |0 040   |a DE-21  |c DE-627  |d DE-21 
LOK |0 852   |a DE-21 
LOK |0 852 1  |c 65 A 530  |9 00 
LOK |0 935   |a theo 
LOK |0 938   |a 2502  |f 2 
LOK |0 939   |a 05-02-25  |b l01 
ORI |a SA-MARC-ixtheoa001.raw 
REL |a 1 
STA 0 0 |a Creation theology,Theology of creation,Exegesis,Swedenborgians,New Jerusalem Church,Church of the New Jerusalem,New Church,Theosophy 
STB 0 0 |a Doctrine de la création,Exégèse,Swedenborgiens,Théosophie 
STC 0 0 |a Doctrina de la creación,Exegesis,Swedenborgianos,Teosofía 
STD 0 0 |a Dottrina della Creazione,Esegesi,Swedenborgiani,Teosofia 
STE 0 0 |a 创造神学,斯维登堡教义的信徒,新耶路撒冷教会信徒,注释,诠释,解经,神智学,通神学 
STF 0 0 |a 創造神學,斯維登堡教義的信徒,新耶路撒冷教會信徒,注釋,詮釋,解經,神智學,通神學 
STG 0 0 |a Doutrina da criação,Exegese,Swedenborgianos,Teosofia 
STH 0 0 |a Сведенборгиане,Теософия,Учение о сотворении мира,Экзегетика 
STI 0 0 |a Δόγμα της δημιουργίας,Εξηγητική,Ερμηνευτική,Θεοσοφία,Οπαδοί του Σβέντενμποργκ 
SUB |a BIB  |a REL 
SYE 0 0 |a Bibelauslegung,Bibelexegese,Biblische Auslegung,Bibelinterpretation,Biblische Exegese,Schriftauslegung 
SYG 0 0 |a Bibelauslegung,Bibelexegese,Biblische Auslegung,Bibelinterpretation,Biblische Exegese,Schriftauslegung , Schöpfungstheologie